Géographie illustrée de la France et de ses colonies

Αποθηκεύτηκε σε:
Λεπτομέρειες βιβλιογραφικής εγγραφής
Κύριοι συγγραφείς: Verne, Julio (Συγγραφέας), Lavallée, Théophile (Συγγραφέας)
Μορφή: Βιβλίο
Γλώσσα:Γαλλικά
Έκδοση: París J. Hetzel, 18, rue Jacob 1866
Έκδοση:1a. ed
Θέματα:
Ετικέτες: Προσθήκη ετικέτας
Δεν υπάρχουν, Καταχωρήστε ετικέτα πρώτοι!

MARC

LEADER 00000nam a2200000 a 4500
001 UCJ8614
003 CL-VaPUC
008 070124e18660000FR |||||||||||||||||fre|d
082 0 4 |a 914  |b VER  |2 21 
100 0 |a Verne, Julio  |e author  |9 517473 
700 0 |a Lavallée, Théophile  |e author  |9 517474 
245 1 0 |a Géographie illustrée de la France et de ses colonies 
250 |a 1a. ed 
300 |a xxxii, 768 p 
942 |c BK 
945 |d 20070124 00:00:00  |a rinostro 
260 |a París  |b J. Hetzel, 18, rue Jacob  |c 1866 
500 |a 4§, tela, plancha dorada.- Antep.: (rodeando una alegoría de la geografía) Géographie de la France.- v.: Alegoría a Francia.- Port.- v.: marca de la tipografía.- Au lecteur.- Numerosos y excelentes grabados.- Advierte errata. 
500 |a Formato .29x.22 m 
500 |a . Par Jules Verne. Précédé d'une étude sur la GéographiegGénérale de la France par Théophile Lavallée. Illustrations par Clerget et Riou, cartes par Constans, gravées par Sedilie. Nouvelle édition, revue et corrigée 
650 7 |a GEOGRAFIA DE FRANCIA  |2 CL-VaPUC  |9 517475 
650 0 |a Población  |9 257577 
650 7 |a COLONIAS  |2 CL-VaPUC  |9 258570 
650 0 |a Ilustraciones  |9 369481 
650 0 |a Mapas  |9 260844 
650 0 |a Grabados  |9 310822 
651 0 |a Francia  |9 255157 
651 7 |a ARGELIA  |2 CL-VaPUC  |9 322685 
651 7 |a COCHINCHINA  |2 CL-VaPUC  |9 506038 
651 7 |a GUAYANA FRANCESA  |2 CL-VaPUC  |9 517476 
583 |a last modification  |c 20150601 12:54:30  |k Rodrigo Vera 
999 |c 324284  |d 324282 
952 |0 0  |1 0  |4 0  |6 914_000000000000000_VER_1866  |7 0  |8 X  |9 404334  |a FDOBUD  |b FDOBUD  |d 2019-11-22  |i 1080695  |o 914 VER 1866  |p 1080695  |r 2019-11-22  |w 2019-11-22  |y BK_X  |k BUD